Rusko-český technický slovník. 2.díl. P-Ja. /

Saved in:
Bibliographic Details
Main Author: Kloudová, Bohumila (Author)
Format: Book
Language:Multiple languages
Published: Praha : SNTL, 1974
Edition:2.dopl.vyd.
Tags: Add Tag
No Tags, Be the first to tag this record!

MARC

LEADER 00000nam a22000003a 4500
001 stu1038
005 20150617225618.0
008 920114s1974----cs------------------mul-d
040 |a STU  |b slo 
041 0 |a mul 
044 |a cs 
080 |a 801.316.4  |7 4969 
080 |a 62=82=850 
100 1 |a Kloudová, Bohumila  |4 aut 
245 1 |a Rusko-český technický slovník. 2.díl. P-Ja. /  |c [aut.] Kloudová,Bohumila 
250 |a 2.dopl.vyd. 
260 |a Praha :  |b SNTL,  |c 1974 
300 |a 551 s 
996 |b E34422  |c E*34422  |l EE16  |s P  |a 0  |w stu1038_0002